|
|
|
|
| LEADER |
02071nam a2200517 a 4500 |
| 001 |
nkc20071705266 |
| 003 |
CZ PrNK |
| 005 |
20070531103455.0 |
| 007 |
ta |
| 008 |
070117s2006 xr ab f 000 0 cze |
| 015 |
|
|
|a cnb001705266
|
| 020 |
|
|
|a 80-210-4157-9
|q (brož.)
|
| 035 |
|
|
|a (OCoLC)124091254
|
| 040 |
|
|
|a BOA001
|b cze
|
| 043 |
|
|
|a e-xr---
|
| 072 |
|
7 |
|a 330.5+338
|x Národní hospodářství a hospodářská politika
|2 Konspekt
|9 4
|
| 080 |
|
|
|a 005.332.4
|2 MRF
|
| 080 |
|
|
|a 338.2
|2 MRF
|
| 080 |
|
|
|a 330.5+338
|2 MRF
|
| 080 |
|
|
|a (437.3)
|2 MRF
|
| 080 |
|
|
|a (048.8)
|2 MRF
|
| 100 |
1 |
|
|a Slaný, Antonín,
|d 1955-
|7 jn99240001089
|4 aut
|
| 245 |
1 |
0 |
|a Konkurenceschopnost české ekonomiky :
|b (vývojové trendy) /
|c Antonín Slaný a kol.
|
| 250 |
|
|
|a 1. vyd.
|
| 260 |
|
|
|a Brno :
|b Masarykova univerzita,
|c 2006
|
| 300 |
|
|
|a 375 s. :
|b il., mapy ;
|c 23 cm
|
| 500 |
|
|
|a Nad názvem: Centrum výzkumu konkurenční schopnosti české ekonomiky, Ekonomicko-správní fakulta Masarykovy univerzity
|
| 500 |
|
|
|a 200 výt.
|
| 504 |
|
|
|a Obsahuje bibliografie a bibliografické odkazy
|
| 650 |
0 |
7 |
|a konkurenceschopnost
|7 ph121800
|z Česko
|2 czenas
|
| 650 |
0 |
7 |
|a hospodářská politika
|7 ph114701
|z Česko
|2 czenas
|
| 650 |
0 |
9 |
|a competitiveness
|z Czechia
|2 eczenas
|
| 650 |
0 |
9 |
|a economic policy
|z Czechia
|2 eczenas
|
| 651 |
|
7 |
|a Česko
|7 ge128065
|x národní hospodářství
|2 czenas
|
| 651 |
|
7 |
|a Česko
|7 ge128065
|x makroekonomický vývoj
|2 czenas
|
| 651 |
|
9 |
|a Czechia
|x national economy
|2 eczenas
|
| 651 |
|
9 |
|a Czechia
|x macroeconomic development
|2 eczenas
|
| 655 |
|
7 |
|a studie
|7 fd133597
|2 czenas
|
| 655 |
|
9 |
|a studies
|2 eczenas
|
| 710 |
2 |
|
|a Masarykova univerzita.
|b Centrum výzkumu konkurenční schopnosti české ekonomiky
|7 mzk2007378263
|
| 910 |
2 |
|
|a BOA001
|b 2-1181.524
|
| 990 |
|
|
|a BK
|
| 995 |
|
|
|a 01
|
| 991 |
|
|
|b 200703
|c NOV
|
| 996 |
6 |
|
|b 2610302584
|c 2-1181.524
|l MZK
|r Sklad / do 1 hodiny
|n 4
|p p.v.
|w 000842155
|u 000010
|a 1
|e BOA001
|j MZK50
|s P
|
| 996 |
7 |
|
|b 2610302585
|c 2-1181.524
|l MZK
|r Sklad / do 1 hodiny
|n 30
|p p.v.
|w 000842155
|u 000020
|a 1
|e BOA001
|j MZK50
|s A
|